000 00363nam a22001217a 4500
008 180424b xxu||||| |||| 00| 0 eng d
041 _aeng
080 _a043.3
100 _a0
101 _aSHKI-BTH
245 _aTestimi soufterik, përparësit e testimit të automatizuara si dhe përdorimi i vegëlave për testim të automatizuar
_cAhmeti,A
942 _2udc
_cBK
999 _c45472
_d45472